White things image quiz - Statistics

General Stats
  • This quiz has been taken 83 times
    60 since last reset
  • The average score is 9 of 16
Answer Stats
Picture Answer % Correct
Milk
96%
Cloud
94%
Whitehouse
94%
Swan
90%
Pearls
84%
White wine
84%
Great white shark
80%
Wedding dress
78%
Polar bear
74%
White water rafting
40%
Belarus (White Russia)
32%
Snowdrops
22%
White trash
16%
Cabbage white
10%
Ghost slug
4%
White elephant
2%
No matching quizzes found
Score Distribution
Percent of People with Each Score
Percentile by Number Answered
Your Score History
You have not taken this quiz since the last reset